Технология и оборудование сварки плавлением: электронный курс

Dades bibliogràfiques
Autor principal: Дедюх Р. И. Ростислав Иванович
Autor corporatiu: Национальный исследовательский Томский политехнический университет Институт неразрушающего контроля Кафедра оборудования и технологии сварочного производства
Altres autors: Хайдарова А. А. Анна Александровна
Sumari:Заглавие с экрана
Дисциплина «Технология и оборудование сварки плавление» относится к вариатив­ной части профессионального цикла бакалаврской подготовки. Она является одной из ос­новных дисциплин, формирующих подготовку квалифицированных специалистов свароч­ного производства. Разработка технологических процессов изготовления сварных кон­струкций и изделий требует глубоких знаний о технологических характеристиках и воз­можностях различных способов сварки, сварочных материалов, технологии и технике сварки, сварочном оборудовании.
Доступ по логину и паролю
Idioma:rus
Publicat: Томск, TPU Moodle, 2016
Matèries:
Accés en línia:https://design.lms.tpu.ru/course/view.php?id=1462
Format: Electrònic Llibre
KOHA link:https://koha.lib.tpu.ru/cgi-bin/koha/opac-detail.pl?biblionumber=667080

MARC

LEADER 00000nlm0a2200000 4500
001 667080
005 20240123095402.0
035 |a (RuTPU)RU\TPU\network\38284 
035 |a RU\TPU\network\38282 
090 |a 667080 
100 |a 20220221d2016 m y0rusy50 ca 
101 0 |a rus 
102 |a RU 
105 |a a j 000zy 
135 |a jrcn ---uucaa 
181 0 |a i  
182 0 |a b 
200 1 |a Технология и оборудование сварки плавлением  |e электронный курс  |f Р. И. Дедюх, А. А. Хайдарова  |g Национальный исследовательский Томский политехнический университет, Институт неразрушающего контроля, Кафедра оборудования и технологии сварочного производства 
203 |a Текст  |c электронный 
210 |a Томск  |c TPU Moodle  |d 2016 
300 |a Заглавие с экрана 
330 |a Дисциплина «Технология и оборудование сварки плавление» относится к вариатив­ной части профессионального цикла бакалаврской подготовки. Она является одной из ос­новных дисциплин, формирующих подготовку квалифицированных специалистов свароч­ного производства. Разработка технологических процессов изготовления сварных кон­струкций и изделий требует глубоких знаний о технологических характеристиках и воз­можностях различных способов сварки, сварочных материалов, технологии и технике сварки, сварочном оборудовании. 
333 |a Доступ по логину и паролю 
606 1 |a Сварка плавлением  |2 stltpush  |3 (RuTPU)RU\TPU\subj\53939  |9 72103 
610 1 |a электронный ресурс 
610 1 |a труды учёных ТПУ 
610 1 |a электронное обучение 
610 1 |a электронные курсы ТПУ 
610 1 |a электронные учебные пособия 
610 1 |a учебные пособия 
610 1 |a дистанционное образование 
610 1 |a дистанционное обучение 
610 1 |a e-learning 
610 1 |a Moodle 
610 1 |a сварные соединения 
610 1 |a сварочные материалы 
610 1 |a электрическая сварка 
610 1 |a сварка плавлением 
610 1 |a сварочное оборудование 
610 1 |a техника безопасности 
610 1 |a электрошлаковая сварка 
610 1 |a сварка под флюсом 
610 1 |a механизированная сварка 
610 1 |a ручная дуговая сварка 
675 |a 621.791.65(075.8)  |v 4 
700 1 |a Дедюх  |b Р. И.  |c специалист в области машиностроения  |c доцент Томского политехнического университета, кандидат технических наук  |c заместитель директора Института физики высоких технологий Томского политехнического университета  |f 1943-  |g Ростислав Иванович  |3 (RuTPU)RU\TPU\pers\27254 
701 1 |a Хайдарова  |b А. А.  |c специалист в области сварочного производства  |c доцент Томского политехнического университета, кандидат технических наук  |f 1982-  |g Анна Александровна  |3 (RuTPU)RU\TPU\pers\29433  |9 13986 
712 0 2 |a Национальный исследовательский Томский политехнический университет  |b Институт неразрушающего контроля  |b Кафедра оборудования и технологии сварочного производства  |3 (RuTPU)RU\TPU\col\18708 
801 2 |a RU  |b 63413507  |c 20220727  |g RCR 
856 4 |u https://design.lms.tpu.ru/course/view.php?id=1462 
942 |c CF